000 01634nam a2200301 a 4500
001 BRCA_2392
005 20190320203803.0
008 111108s1897----sp-#---###---#000-0#spa-u
041 _aspa
044 _asp
084 _a033
_b.M67
_c1897 F1615
100 1 _aCervantes Saavedra, Miguel de
_d1547-1616
_9213
245 1 0 _aSegunda parte del Ingenioso Cavallero Don Quixote de la Mancha
_cpor Miguel de Cervantes Saavedra, autor de su primera parte.
260 _aBarcelona
_bMontaner y Simón
_c1897
300 _a1 v. (sin paginación)
_c23 cm.
500 _aContenido : Escudo con el mote Poste tenebreas spero lucem. Tasa. Aprovación del Dr. Gutierre de Cetina. Aprovación de M. Joseph de Valdivieso. Aprovación del Lic. Márques Torres. Privilegio. Prólogo del autor. Dedicatoria del autor al Conde de Lemos. Texto
500 _aFacsímil de : Segunda parte del ingenioso cavallero Don Quixote de la Mancha. Madrid: Juan de la Cuesta, 1615
500 _aFacsímile de la segunda parte de la edición príncipe, sin lugar, fecha ni editor de su elaboración. Hermoso ejemplar, excelente papel, encuedernado en pergamino con florones y filetes dorados en lomo y planos; corte dorado también Lúdovik Osterc
500 _aExistencias : Complementa al LO-015
500 _aQM8
650 1 4 _aNovela española
_yÉpoca clásica, 1500-1700
_9215
650 1 4 _aLiteratura española
_yÉpoca clásica, 1500-1700
_9216
650 1 4 _aNovela española
_ySiglo XVII
_9217
650 1 4 _aDon Quijote (Personaje ficticio)
_eNovela
_9218
740 0 _aEl Ingenioso Hidalgo Don Quijote de la Mancha
902 _aQFM
942 _2lcc
_cB
999 _c2133
_d2133